000 00288nam a2200121Ia 4500
008 170620s9999 xx 000 0 und d
100 _aGOYAL R.K.
245 0 _aBASICES OF PHARMACOLOGY
260 _bB S SHAH : AHMEDABAD
260 _c2004
300 _a484
546 _aEnglish
690 _aBASICES OF PHARMACOLOGY
999 _c30984
_d30984